Estado mundial de la infancia 1990 (folleto) /

Guardado en:
Formato: Libro
Publicado: : , 1990
Materias:
Fc
Etiquetas: Agregar Etiqueta
Sin Etiquetas, Sea el primero en etiquetar este registro!
LEADER 00438nam a22001695a 4500
001 CEM.cems007739
005 20060214000000.0
008 130507s1990##################000#0#####d
003 CEMS
082 0 4 |a F320 
245 0 0 |a Estado mundial de la infancia 1990 (folleto) / 
260 |a  :  |b ,  |c 1990 
653 |a Fc 
653 |a Infancia 
653 |a Mortalidad infantil 
653 |a Unicef 
859 |a CEMS  |b BIB. CEMS - 11 de abril  |h F320  |i 5-1  |p 113.44  |t Ej.1